[Event "II TORNEIO INTERNO CXG 2026"]
[Site "Av. Churchill, 109 sl 101 - C"]
[Date "2026.04.16"]
[Round "2.2"]
[White "Rogerio Cerqueira, Felix De Mello"]
[Black "Carlos Henrique, Luz Da Costa"]
[Result "0-1"]
[WhiteElo "1854"]
[BlackElo "1905"]
[Annotator "Chessbase-Stockfish 18"]
[PlyCount "134"]
[EventDate "2026.??.??"]

{[%evp 0,134,24,16,19,14,20,-16,29,-4,57,7,32,35,34,-19,19,-5,6,-13,-7,-16,-17,-28,-21,-41,-54,-36,-11,-22,-14,-17,-8,-55,-36,-57,-66,-58,-63,-95,-99,-159,-160,-149,-126,-136,-57,-150,-152,-141,-153,-160,-73,-140,-134,-176,-320,-702,-740,-740,-744,-759,-760,-760,-782,-905,-621,-627,-392,-389,-389,-730,-778,-781,-218,-224,956,1419,1672,2103,29981,-126,-127,-134,-132,-125,-90,-96,-93,-116,-102,-119,-101,-94,-25,-124,-137,-92,-113,-192,-204,-212,-211,-264,-267,-259,-253,-288,-294,-306,-297,-332,-179,-312,-328,-326,-326,-340,-329,-336,-368,-395,-402,-402,-402,-402,-374,-402,-404,-404,-407,-448,-500,-578,-919,-1178,-1271]} 1. d4 d5 2. Nf3 Nf6 3. c4 c6 4. Nc3 Bf5 5. e3 Nbd7 6. cxd5 cxd5 7. Bb5 (7. Qb3 $16) 7... a6 8. Bd3 {The position is equal.} (8. Bxd7+ $5 Bxd7 9. Qb3) 8... Bxd3 9. Qxd3 e6 10. O-O Bd6 11. a4 $146 (11. e4 dxe4 $1 12. Nxe4 Nxe4 (12... Qb6) 13. Qxe4 Qb6 14. Bg5 (14. Qg4 $14) 14... h6 $15 15. Bh4 Bc7 (15... O-O $15) 16. d5 $14 {And now dxe6 would win.} Nc5 (16... O-O $16) 17. Qd4 $18 f6 $2 (17... e5 $16 18. Nxe5 Nd7 19. Qxb6 Nxb6) 18. Rac1 $18 Rc8 19. Rfe1 Kf7 (19... O-O 20. dxe6 Nxe6 21. Qxb6 Bxb6) 20. dxe6+ Ke7 (20... Nxe6 21. Qd7+ Kg6 22. Rxe6 Rcd8) 21. Rxc5 $18 {Intending Qd7+ and mate.} Rhd8 {Inhibits Qd7+.} 22. Rd5 Qxd4 23. Rxd4 Ba5 {Threatens to win with ...Rxd4.} 24. Rxd8 Rxd8 25. Rc1 Kxe6 {Koellner,U (1734)-Georgi,F (1473) Grossauheim 2007 1-0 (49)}) 11... h6 12. b3 Rc8 13. Ba3 Qe7 14. Bxd6 Qxd6 15. Rfc1 {[%cal Bc3b5]} O-O 16. a5 (16. Ne2) 16... Rc7 17. Na4 Rfc8 18. Rxc7 Rxc7 (18... Qxc7 19. b4) 19. Qd2 $6 {Inaccuracy. Nc3 was best. Inaccuracy. Nc3 was best. Against Qb4} (19. Nc3 Nb8 20. Ne2 Nc6 21. Ra4 Ne4 22. Nd2 Ng5 23. Qc3 Na7 24. Qd3 Nb5) 19... Ne4 $19 20. Qe1 Rc2 {Prevents Nd2.} 21. b4 Qc6 (21... Nxf2 22. Qb1 Qc6 23. Nc5) 22. Nc5 Qb5 $36 {[%cal Rd7c5] Keeping White busy.} (22... Nxf2 $6 23. Qb1 Re2 24. Qf1 (24. Kf1 $2 Qb5 $19)) 23. Nxd7 $2 {Mistake. Qd1 was best. Mistake. Qd1 was best.} (23. Qd1 Rb2 24. Qd3 Qxd3 25. Nxd3 Rb3 26. Rd1 Nb8 27. g4 f6 28. Rc1 Nc6) 23... Qxd7 24. Ne5 Qb5 25. f3 Re2 $2 {Mistake. Nc3 was best. Mistake. Nc3 was best.} (25... Nc3 26. Kh1 Qxb4 27. h3 Qb2 28. Nd3 Qb5 29. Ne5 Qb4 30. Qh4 Qd6 31. Nd3) 26. Qh4 $4 {Blunder. Qc1 was best. Blunder. Qc1 was best.} (26. Qc1 Nd6 27. Qc3 (27. Qc5 Qxc5 28. dxc5 Nb5 29. c6 bxc6 30. Nxc6 Rxe3 31. Nb8 Rb3)) 26... Nf6 27. Rc1 $2 {Mistake. Rb1 was best. Mistake. Rb1 was best.} (27. Rb1 Qa4 28. Qg3 (28. Re1 Rc2 29. Rd1 Rxg2+ 30. Kxg2 Qxd1 31. Qg3 Qd2+ 32. Qf2 Qxb4)) 27... Qxb4 28. h3 $6 {Inaccuracy. Rc8+ was best. Inaccuracy. Rc8+ was best.} (28. Rc8+ Kh7 29. h3 Qd2 30. Qg3 Qxe3+ 31. Kh2 Re1 32. Qxe1 Qxe1 33. Nxf7 Qxa5) 28... Qd2 29. Rc8+ Kh7 30. Qg3 Re1+ 31. Kh2 Qxe3 {[%csl Ge1][%cal Re3g1]} 32. h4 Qg1+ 33. Kh3 Qe3 34. Qh2 {Prevents Rh1.} Ne4 35. Nxf7 {Hoping for Rh8+.} Nf2+ 36. Kg3 Qxd4 $6 {Inaccuracy. Rh1 was best. Inaccuracy. Rh1 was best.} (36... Rh1 37. h5 Ne4+ 38. Kg4 Nf6+ 39. Kh3 Rxh2+ 40. Kxh2 Nxh5 41. Rh8+ Kg6 42. Ne5+) 37. h5 {[%csl Gf7][%cal Rc8h8] [#]} g5 $4 {Checkmate is now unavoidable. Ne4+ was best. Checkmate is now unavoidable. Ne4+ was best.} (37... Ne4+ 38. Kh3 Ng5+ 39. Nxg5+ hxg5 40. g4 Re3 41. Qc2+ Qe4 42. Qxe4+ dxe4 43. Kg2) 38. hxg6+ $1 Kxg6 39. Qxh6+ Kxf7 {[#]} 40. Qh7+ $4 {Lost forced checkmate sequence. Qh5+ was best. Lost forced checkmate sequence. Qh5+ was best.} (40. Qh5+ Kf6 41. Qh8+ Kf7 (41... Kg6 42. Rg8+ Kf5 43. Qxd4 e5 44. Rf8+ Ke6 45. Qb6+ Kd7 46. Rf7+ Ke8 47. Qe6+ Kd8 48. Qd7#) 42. Qxd4 Rc1 43. Qf4+ (43. Rxc1 e5 44. Rc7+ Ke6 45. Qb6+ Kf5) 43... Kg7 44. Qg5+ Kf7 45. Rxc1 Nh1+ 46. Rxh1 Ke8 47. Rh7 {[%csl Gh7][%cal Rg5e7]} d4 48. Qe7#) 40... Qg7+ 41. Qxg7+ Kxg7 42. Kxf2 {Endgame KR-KR} Rb1 43. Ke3 $6 {Inaccuracy. f4 was best. Inaccuracy. f4 was best.} (43. f4 Rb2+ 44. Kf3 Rb3+ 45. Kf2) 43... Kf6 $6 {Inaccuracy. e5 was best.} (43... e5 44. Rd8 Rb3+ 45. Ke2 Rb5 46. f4 exf4 47. Kf3 Kf6 48. Kxf4 Rxa5 49. Rd6+) 44. g4 (44. f4 Rb5 45. Rf8+ (45. g4 Rb4 46. Rf8+ Ke7 47. Rb8) 45... Ke7 46. Rb8 Rb4 (46... Rxa5 47. Rxb7+ Kf6 48. g4 $15) 47. g4 e5 48. Rc8 $4 {Blunder. fxe5 was best.} (48. fxe5 Rxg4 (48... Ke6 49. Re8+ Kf7 50. Rb8) 49. Rxb7+ Ke6 50. Rb6+ Kxe5 51. Rxa6) 48... Kf7 $4 {Blunder. Rxf4 was best.} (48... Rxf4 49. Rc7+ (49. Rg8 Kf7 50. Rg5 Ke6 51. Kd3 Ra4 52. Rg6+ Ke7 53. Rb6 Rxa5 54. Rxb7+) 49... Ke6 50. Rxb7 d4+ 51. Kd3 Rxg4) 49. Rc5 $4 {Blunder. fxe5 was best.} (49. fxe5 Rxg4 50. Rc7+ Ke6 51. Rxb7 Kxe5 52. Rb6 Rg3+ 53. Kd2 Ra3 54. Rxa6 Kd4) 49... Rb3+ $4 {Blunder. Ke6 was best.} (49... exf4+ 50. Kf3 $17) (49... Rxf4 $19 50. Rxd5 Ke6) (49... Ke6 50. fxe5 Rxg4 51. Rc1 Rb4 52. Kd3 Kxe5 53. Re1+ Kd6 54. Re2 Rb5 55. Ra2) 50. Kf2 Rb5 51. Rc7+ Kg6 52. Re7 {White has compensation.} d4 $4 {Blunder. Rb2+ was best. Weighted Error Value: White=0.82/Black=0.54. Loss on time!?} (52... exf4 $6 53. Kf3 $17) (52... Rb2+ 53. Kg3 Rb3+ 54. Kh4 exf4 55. Rd7 Rb5 56. g5 f3 57. Rd6+ Kf5 58. Rf6+)) 44... Rb5 45. Rf8+ Ke7 46. Rb8 $6 {Inaccuracy. Rh8 was best.} (46. Rh8 Rxa5 47. Rh7+ Kd6 48. Rxb7 Ra3+ 49. Ke2 Ra2+ 50. Ke3 e5 51. g5 d4+) 46... Rb4 $6 {Inaccuracy. e5 was best.} (46... e5 47. Kd3 Kd7 48. Ke2 Rb2+ 49. Ke3 Ke7 50. Rh8 Rb3+ 51. Kf2 d4 52. Rh7+) 47. g5 e5 48. Rc8 Kf7 49. Rc5 $4 {Blunder. Rc7+ was best.} (49. Rc7+ Kg6 50. Re7 d4+ 51. Ke4 Rb5 52. f4 exf4 53. Kxf4 d3 54. Re6+ Kf7) 49... Rb3+ 50. Kf2 Rb5 51. Rc7+ $6 {Inaccuracy. Rc8 was best.} (51. Rc8 Rxa5 52. Kg3 Kg6 53. Re8 d4 54. f4 exf4+ 55. Kxf4 Rd5 56. Re6+ Kf7) 51... Kg6 52. Re7 d4 53. Ke2 Kxg5 54. Kd3 Kf6 55. Rh7 Ke6 56. Rh6+ Kf5 57. Rh7 Rxa5 58. Rxb7 Ra3+ 59. Ke2 a5 60. Ra7 a4 61. Ra8 Ra2+ 62. Kd3 Ra3+ 63. Ke2 Re3+ 64. Kf2 a3 65. Ra6 Rb3 66. Ra8 $6 {Inaccuracy. Ke2 was best.} (66. Ke2 Re3+ 67. Kf2 e4 68. fxe4+ Kxe4 69. Re6+ Kd3 70. Ra6 Kc2 71. Ra4 Rc3) 66... Rb2+ 67. Kg3 a2 {PRECISÃO: BRANCAS 82 PRETAS 72} 0-1

[Event "II TORNEIO INTERNO CXG 2026"]
[Site "Av. Churchill, 109 sl 101 - C"]
[Date "2026.04.30"]
[Round "3.1"]
[White "Adnilton Correia, de Almeida Nogueira"]
[Black "Bernardo, Katz"]
[Result "0-1"]
[WhiteElo "1939"]
[BlackElo "2049"]
[Annotator "Chessbase-Stockfish 18"]
[PlyCount "57"]
[EventDate "2026.??.??"]

{[%evp 0,57,19,19,77,29,69,37,37,37,37,19,31,30,28,3,18,-5,-5,-13,-6,3,-9,-20,20,-5,-2,-39,-63,-33,-68,-102,-80,-211,-137,-151,-103,-80,-78,-233,-21,-49,18,-6,137,-33,88,23,31,-226,-203,-294,-310,-310,-285,-285,-298,-425,-338,-505]} 1. d4 {[%cal Bd2d4,Bd4d5]} g6 2. c4 Bg7 3. Nc3 d6 4. e4 Nc6 5. Nge2 e5 {[%cal Re5d4]} 6. d5 Nce7 (6... Nd4 7. Be3 c5 8. dxc6 Nxc6 9. Nd5 Be6 10. Nec3 Nge7 11. Be2 Nd4 12. O-O Bxd5 13. exd5 O-O 14. Bxd4 exd4 15. Ne4 h6 16. Bd3 f5 17. Nd2 g5 18. Qh5 Qe8 19. Qxe8 Raxe8 20. Rfe1 Kf7 21. Re6 {Tica,S (2446)-Petrosian,T (2601) Chess.com INT 2017 1-0 (118)}) 7. Bg5 h6 (7... f6 8. Be3 f5 9. Bg5 Nf6 10. f3 O-O 11. Qd2 a6 12. h4 fxe4 13. Nxe4 Bf5 14. N2c3 Qd7 15. Bd3 Nh5 16. g4 Bxe4 17. gxh5 Bxf3 18. Rg1 Bxh5 19. Ne2 Nf5 20. O-O-O b5 21. Rdf1 bxc4 22. Bxc4 {Santos,I (1980)-Romero Ruscalleda,J (2153) chess.com INT 2025 1-0 (36)}) 8. Be3 {White is slightly better.} (8. Qa4+ Bd7 9. Bxe7 Qxe7 $15) 8... f5 9. g3 $146 (9. f3 Nf6 10. Qd2 (10. Nc1 c6 11. Nd3 O-O 12. Qd2 fxe4 13. Nxe4 Nf5 14. Ndf2 Nxe3 15. Qxe3 Qa5+ 16. Qd2 Qxd2+ 17. Kxd2 cxd5 18. Nxf6+ Bxf6 19. cxd5 Bf5 20. Bd3 Bg5+ 21. Ke2 Rac8 22. Ne4 Bxe4 23. fxe4 Rf7 {Piquemal,C (2052)-Maiffret,P (2008) France 2004 ½-½ (41)}) 10... a6 11. Nc1 (11. O-O-O Bd7 12. exf5 gxf5 13. f4 e4 14. h3 Ng6 15. g4 fxg4 16. Ng3 Qe7 17. Bd4 O-O-O 18. Re1 Qf7 19. Be3 Nh4 20. Qd4 b6 21. c5 dxc5 22. Bxa6+ Kb8 23. Qc4 Ng2 {Vincilov,D (2277)-Kopasz,R (2260) Kac 2016 0-1 (60)}) 11... f4 12. Bf2 g5 13. g3 Ng6 14. Nd3 O-O 15. gxf4 exf4 16. O-O-O Nd7 17. Kb1 Nde5 18. Nxe5 Nxe5 19. Be2 Bh3 20. Rdg1 Qe7 21. Bd4 Rab8 22. Nd1 c5 23. dxc6 bxc6 {Albeker,M (1970)-Buchweitz,J (2075) Bayern 1995 0-1 (50)}) 9... Nf6 {[%cal Bg8f6,Bf6g4,Bg4e5,Be5f3,Bf3g1]} 10. Bg2 O-O 11. Qd2 (11. O-O) 11... Kh7 $6 {Inaccuracy. Ng4 was best.} (11... Ng4 12. h3 (12. O-O a6 13. Qd3 Nxe3 14. fxe3 h5 15. exf5 Bxf5 16. Ne4 Kh8 17. N2c3) 12... Nxe3 13. fxe3 h5 14. exf5 Nxf5 15. O-O Bh6 16. Rf3 g5 17. g4 hxg4 18. hxg4 Nh4 19. Rxf8+ Bxf8 20. Ng3 Bxg4 21. Rf1 Be7 22. c5 dxc5 23. Nge4 Kg7 24. Qf2 Kh6 25. Qf7 Qf8 26. Nxg5 Qxf7 27. Nxf7+ Kg7 28. Nxe5 Bh5 29. Nc4 Re8) 12. f4 $6 {Inaccuracy. h3 was best.} (12. h3 Bd7 (12... a6 13. O-O Nh5 14. c5 f4 15. gxf4 exf4 16. Nxf4 Nxf4 17. Bxf4 g5) 13. O-O-O Qe8 14. f4 exf4 15. Nxf4 Nxe4 16. Nxe4 fxe4 17. Bxe4 Nf5 18. Qc2 Kh8 19. Bf2 g5 20. Ne6 Bxe6 21. dxe6 Qxe6 22. Rhe1 Be5 23. Kb1 c5 24. g4 Nh4 25. Rf1 Rae8 26. a4 Nf3) 12... Ng4 $15 13. Bg1 exf4 14. Nxf4 Ne5 15. Qe2 $2 {Mistake. c5 was best.} (15. c5 fxe4 16. Bxe4 b5 (16... c6 17. O-O-O cxd5 18. Ncxd5 Bg4 19. Nxe7 Qxe7 20. cxd6 Qf7) 17. cxb6 axb6 18. Bd4 Nf5 19. Bxe5 Bxe5 20. O-O-O b5 21. Kb1 Bxf4 22. Qxf4 b4 23. Ne2 Qe7 24. Rhe1 Ng7 25. Qh4 Qxh4 26. gxh4 h5 27. Rc1 Bg4 28. Ng3 Rae8 29. Rxc7 Kh6 30. Rec1 Nf5 31. Nxf5+ Bxf5 32. Bc2 Bxc2+ 33. R7xc2 Re4 34. Rd2 Rxh4 35. Rc6 Rf1+ 36. Kc2 Rh1 37. Rxd6 R1xh2) 15... fxe4 $19 {[%cal Bf8f4]} 16. h3 $2 {Mistake. O-O-O was best.} (16. O-O-O c5 (16... Bg4 17. Qxe4 c5 18. dxc6 bxc6 19. Bc5 Nf5 20. Ne6 Qe7 21. Nxf8+ Rxf8) 17. Bxe4 Bg4 18. Qc2 Bxd1 19. Nxd1 Qa5 20. a3 b5 21. cxb5 Qxb5 22. Be3 Rab8 23. Ne6 Rf7 24. h4 Kg8 25. h5 g5 26. Nxg7 Kxg7 27. Bd2 Qb3 28. Ne3 Rf2 29. Nd1 Rxd2 30. Qxd2 Qxg3 31. Rf1 Rf8 32. Rxf8 Kxf8 33. Qe2 Qf4+ 34. Kb1 Nf5 35. Bxf5 Qxf5+ 36. Ka2 Qd3) (16. Bxe4 Bg4 17. Qg2 Nxc4 18. Rc1 c6 19. Bf2 Qd7 20. h3 Bf5 21. O-O Rae8 22. Rfe1 Ne5 23. Bd4 Bxe4 24. Qxe4 Nf3+ 25. Qxf3 Bxd4+ 26. Kh2 Be5 27. dxc6 bxc6 28. Qg4 Qb7 29. Rc2 Bxf4 30. gxf4 Nf5 31. Ne4 Qg7 32. Rce2 Re7 33. Rf1) (16. Bd4 Nf5 17. Bxe5 dxe5 18. Ne6 Bxe6 19. dxe6 Nd4 20. Qxe4 Nxe6 21. Rd1 Qe7 22. Qe3 Qb4 23. Rd2 Nd4 24. Rf1 h5 25. Rdf2 Qxc4 26. Qg5 Ne6 27. Qe3 Rxf2 28. Rxf2 Nc5 29. Be4 Qd4 30. Qf3 Kh6 31. h3) 16... Nf3+ 17. Kd1 (17. Bxf3 exf3 18. Qd2 g5 19. Nh5 Nxd5 20. O-O-O Nxc3 21. bxc3 Be5 22. g4 Qe8 23. Bd4 Bf5 24. Bxe5 dxe5 25. gxf5 Qxh5 26. Qd3 f2 27. Qd7+ Rf7 28. Qe6 Raf8 29. Rhf1 Rxf5 30. Rd7+ Kh8 31. a4) ({Nf5 Qxe4 Nxg1 Rxg1 Re8 Ne6 Bxe6 dxe6 c6 Re1 Nxg3 Qf4 Nf5 Be4 Be5} 17. Qxf3 {Rf8 Rg1 Qf6 Kd2 Qxe6 Qd3 Ne7 Rg2} Rxf4 18. Ne2 Rh4 {Rag1 Rxh3 Bxg6+ Nxg6 Qxg6+ Qxg6 Rxg6}) (17. Kf2 Bd4+ 18. Kf1 Bxc3 19. bxc3 Nf5 20. Bf2 Qg5 21. g4 Qxf4 22. gxf5 Qxf5 23. Bxf3 exf3 24. Qe7+ Rf7 25. Qh4 g5 26. Qd4 Bd7 27. Re1 Re8 28. Rxe8 Bxe8 29. Qe3 Qb1+ 30. Qe1 Rf8) 17... Nxg1 $6 {Inaccuracy. Nf5 was best.} (17... Nf5 18. Bf2 e3 19. Bxf3 exf2 20. Qxf2 Bd4 21. Qd2 Qg5 22. Be4 Be3 23. Qd3) 18. Rxg1 Nf5 (18... Bd4 19. Re1 Nf5 20. Bxe4 Nxg3 21. Bxg6+ Kg7 22. Nh5+ Nxh5 23. Bxh5 Bf5 24. Qe7+ Qxe7 25. Rxe7+ Kf6 26. Rxc7 Kg5 27. Bf7 Rac8 28. Rxc8 Rxc8 29. Be6 Rxc4 30. Kd2 Bg6 31. Rf1 Be5 32. Rf8 Rd4+ 33. Ke2 Bg7) (18... Be5 19. Bxe4 Bxf4 20. gxf4 Rxf4 21. Qd3 Bf5 22. Kc2 Bxe4 23. Nxe4 Nf5 24. Rg4 Rf3 25. Ng5+ Qxg5 26. Rxg5 Rxd3 27. Rxf5 gxf5 28. Kxd3 Re8 29. h4 a5 30. Rg1 b6 31. b3 Re4 32. h5 Re5 33. Rf1 Kg7 34. a4) (18... e3 19. Be4 c5 20. Qd3 Bd7 21. Rc1 Qe8 22. Rc2 Be5 23. Rcg2 Rb8 24. Kc1 b5 25. cxb5 Bxb5 26. Qxe3 Nf5 27. Qe1 Bd7 28. Nxg6 Qxg6 29. g4 Qg5+ 30. Kb1) 19. Nxe4 $4 {Blunder. Bxe4 was best. [#]} (19. Bxe4 Qg5 20. Qd3 Kg8 21. Kd2 Nxg3 22. Qxg3 Rxf4 23. Qxg5 hxg5 24. Bxg6 Bh6) 19... Re8 $4 {Blunder. Nxg3 was best.} (19... Nxg3 20. Qe3 ({Nf5} 20. Qd3 {Nh4 Ne6} Be6 21. dxe6 Qe7 22. Rc1 Qxe6 23. Bh1 Rxf4 24. Kc2 Qe5 25. Nc3 Rf2+ 26. Kb3 Qc5 27. Qd5 Qb6+ 28. Qb5 {Nf3 Bxf3} Rf3 29. Rge1 Be5 30. a4 {Rxh3} c5 {Qa5}) (20. Qd2 Qh4 21. Nxg6 Qh5+ 22. Kc1 Ne2+ 23. Kb1 Qxg6 24. Qxe2 Bd4 25. Re1 Rf2 26. Qd3 Bf5 27. Qxd4 Qxg2 28. a4 Re8 29. Ka2 Rxe4 30. Rxe4 Bxe4 31. h4 Re2 32. a5 Bg6 33. Rc1 Qe4) (20. Nxg3 Rxf4 21. a4 Qf6 22. Rf1 Rxf1+ 23. Bxf1 Bd7 24. Ra3 Re8 25. Qg2 Qe5 26. Qe2 Qxb2 27. Qxb2 Bxb2 28. Ra2 Be5 29. Ne4 Rf8 30. Bg2 a5 31. c5 Rf4 32. Kc1 Kg7 33. Re2 g5 34. Rc2 Bxa4) 20... Nf5 21. Qd2 Qh4 22. Rf1 Bd7 23. Rc1 Nd4 24. Rc3 Be5 25. Ra3) 20. g4 $15 Nd4 $6 {Inaccuracy. Nh4 was best.} (20... Nh4 21. Bh1 Bd7 22. Rc1 Qe7 23. Kc2 Qe5 24. Nd3 Qd4 25. Rge1 Qxc4+ 26. Kb1) 21. Qd3 {[%cal Bf4g6] Threatens to win with Nxg6!} Qe7 $4 {Blunder. Be5 was best. [#]} (21... Be5 22. Nxg6 Kxg6 23. Nxd6+ Kg7 24. Nxe8+ Qxe8 25. Re1 Bd7 26. Re4 Qg6 27. Rxd4) 22. Re1 $2 {Mistake. Nxg6 was best.} (22. Nxg6 Qd8 (22... Kxg6 23. Nxd6+ {Stockfish 18: 1)} Bf5 (23... Nf5 24. gxf5+ Kh7 25. f6+ Kg8 26. f7+ Qxf7 27. Nxf7 Bg4+ 28. hxg4 Rf8 29. d6 c6 30. Rf1 Rxf7 31. Rxf7 Kxf7 32. Qf5+ Bf6 33. Ke2 Rd8 34. d7 Ke7 35. Rf1 Bxb2 36. Qf7+ Kd6 37. Rd1+ Kc7 38. Qf4+ Kb6 39. c5+ Kxc5 40. Qe3+ Kb5 41. Qb3+ Ka6) (23... Kf6 24. Rf1+ Kg5 25. h4+ Kxg4 26. Qg6+ Qg5 27. hxg5 Re1+ 28. Rxe1 Kh4 29. Qxg7 cxd6 30. Rh1+ Kg3 31. Qxd4 a5 32. Be4 a4 33. Qe3+ Kg4) 24. gxf5+ Kh7 25. f6+ Kh8 26. fxe7 Rxe7 27. Ne4 Rf8 28. Rf1 Rxf1+ 29. Qxf1 Rd7 30. Rc1 Rd8 31. Rc3 Rf8 32. Qxf8+ Bxf8 33. c5 Bg7 34. d6 Ne6 35. Rb3 b6 36. c6) 23. Rf1 Kg8 24. Qg3 (24. Nf4 Rf8 25. Kd2 c5 26. Nh5 Be5 27. Rxf8+ Kxf8) 24... Qd7 25. Qf4 Rb8 26. Kd2 Kh7 27. Nf6+ Bxf6 28. Qxf6 Qg7 29. Qxg7+ Kxg7 30. Nf4 c5 31. dxc6 bxc6 32. b3 Bb7 33. Nh5+ Kh8 34. Rae1 Rxe1 35. Rxe1 c5 36. Bxb7 Rxb7 37. Kc3) 22... Qf7 $16 {[#]} 23. Nh5 $6 {Inaccuracy. Rf1 was best.} (23. Rf1 Be5 24. Ne6 (24. Ng3 Bxf4 25. Qxd4 Rf8 26. Ne2 g5 27. Nxf4 gxf4 28. Kd2 Kg8) 24... Bxe6 25. Rxf7+ Bxf7 26. Kd2 Bf4+ 27. Kc3 Be5 28. Rf1 Kg7 29. Kd2 Re7 30. h4 Rb8 31. h5 g5 32. Kd1 Rf8 33. Ng3 Be8 34. Rxf8 Kxf8 35. Be4 b6 36. Bg6 Bd7 37. Nf5 Bxf5 38. Bxf5 a5 39. Bg6 Kg7 40. b3 Bf6 41. c5) 23... Be5 $14 24. Nhf6+ $4 {Blunder. Rf1 was best.} (24. Rf1 Nf5 (24... Bf5 25. Nhg3 Kh8 26. Qd2 Qh7 27. gxf5 gxf5 28. Nc3 Rg8 29. Nh5 Rg5) 25. gxf5 gxh5 26. f6 Kh8 27. Rf2 Rg8 28. Qe3 Bf5 29. Rxf5 Rxg2 30. Qxh6+ Qh7 31. Qxh5 Qxh5+ 32. Rxh5+ Kg8 33. Rc1 Re8 34. Rf5 Kf7 35. Rc2 Rg1+ 36. Kd2 Rh8 37. Rf3 Rh4 38. Kd3 Rd1+ 39. Ke2 Rg1 40. Nf2 Rg3 41. Rxg3 Bxg3 42. Ng4 Be5 43. c5 Kg6 44. Rc1) 24... Bxf6 $19 25. Nxf6+ $6 {Inaccuracy. Rf1 was best.} (25. Rf1 Nf5 26. h4 Bxh4 27. Kc2 Qe7 28. Rad1 b6 29. Kb1 Ne3 30. Qxe3 Bxg4) 25... Qxf6 26. Rxe8 {[#] Black must now prevent Re4. Black is clearly winning.} Bxg4+ $1 {Discovered Attack} 27. hxg4 Rxe8 28. Be4 Kg7 29. Ke1 {Weighted Error Value: White=0.94/Black=0.60 PRECISÃO: BRANCAS 75% PRETAS 83%} 0-1

[Event "II TORNEIO INTERNO CXG 2026"]
[Site "Av. Churchill, 109 sl 101 - C"]
[Date "2026.04.30"]
[Round "3.2"]
[White "Carlos Henrique, Luz Da Costa"]
[Black "Marcelo, Oliveira De Deus"]
[Result "1-0"]
[WhiteElo "1905"]
[BlackElo "1800"]
[Annotator "Chessbase-Stockfish 18"]
[PlyCount "118"]
[EventDate "2026.??.??"]

{[%evp 0,118,79,19,16,20,28,14,22,28,31,35,73,4,46,24,60,-10,-9,-9,23,-12,-18,-18,-4,9,9,0,22,-17,-41,-11,65,60,82,45,57,33,33,33,45,46,46,66,61,80,100,110,95,64,115,69,123,119,149,155,195,244,311,327,543,-114,-78,-78,-78,-78,-115,-115,-93,-125,-125,-160,-60,-154,-121,-217,-46,-63,-52,-91,-91,-74,-96,-108,-108,-141,-126,-128,-139,-136,-134,-141,-140,-150,-150,-192,-78,-150,-124,-114,-87,-94,-101,-101,-101,-145,-92,-118,-94,-94,-77,-77,-107,-82,-61,-82,-46,-46,-33,-22,-17]} 1. d4 Nf6 2. Nf3 e6 3. g3 b6 4. Bg2 Bb7 5. O-O c5 6. e3 cxd4 (6... d5) 7. exd4 $14 Be7 8. b3 O-O 9. c4 {[%cal Bd4d5]} Qc7 $6 {Inaccuracy. d5 was best.} (9... d5 10. Qe2 Nc6 11. Bb2 Rc8 12. Rd1 dxc4 13. bxc4 Na5 14. Nbd2 Rc7 15. Rac1) 10. Bb2 $6 {Inaccuracy. Bf4 was best.} (10. Nc3 $16) (10. Bf4 Qc8 11. Nc3 d5 12. Rc1 dxc4 13. bxc4 Nbd7 14. d5 Ba3 15. Rc2 Bc5) 10... d5 $1 11. Nbd2 Nbd7 $146 (11... dxc4 12. bxc4 Rd8 13. Rc1 Nc6 14. Qe2 Rac8 15. Rfd1 Ba6 16. Qe3 Re8 17. h3 Bf8 18. Bf1 Nd7 19. Nb3 Qb8 20. Nfd2 e5 21. d5 Nd8 22. Re1 Nb7 23. Ne4 Nd6 24. Nxd6 Bxd6 25. Qf3 Bb7 26. Bd3 {Longa Yauca,J (2285)-Almagro Llamas,P (2451) Madrid 2010 0-1 (65)}) 12. Rc1 {[#] And now cxd5 would win.} dxc4 13. Nxc4 {[%cal Bc4a5]} Qd8 14. Re1 Bb4 15. Re2 Bxf3 $6 {Inaccuracy. Rc8 was best.} (15... Rc8 16. Ne1 Bxg2 17. Nxg2 Nd5 18. Rec2 Be7 19. Nge3 N7f6 20. Nxd5 Nxd5 21. Ne5) 16. Bxf3 $14 Rc8 (16... Nd5 $14) 17. Rec2 $6 {Inaccuracy. a3 was best.} (17. Ne3) (17. a3 Be7 18. Ne3 Rxc1 19. Qxc1 Qb8 20. b4 Rc8 21. Qd1 Bf8 22. b5 h6) 17... Nd5 $16 18. Qe2 Qf6 $2 {Mistake. N7f6 was best.} (18... Re8 $14) (18... N7f6 19. a3 Bd6 20. b4 Qe7 21. Ne5 Rxc2 22. Rxc2 Qb7 23. Qc4 Ra8 24. b5) 19. a3 $18 Be7 20. Ne5 Rxc2 21. Rxc2 Nxe5 22. dxe5 Qg6 23. Be4 Qh6 24. Bc1 g5 25. Qa6 $2 {Mistake. h4 was best.} (25. h4 Rd8 26. hxg5 Qh3 27. Qf3 Bc5 28. b4 Bd4 29. Bd3 Ne7 30. Rc7 Nf5) 25... f5 $2 {Mistake. Qh5 was best.} (25... Qh5 26. Rd2 Nc3 27. Bd3 Rd8 28. Qb7 Kf8 29. Bb2 Nd5 30. Be4 Qg4 31. Bxd5) 26. Bxd5 exd5 27. Qxa7 Bc5 $6 {Inaccuracy. Qh5 was best.} (27... Qh5 28. Rd2 Bc5 29. Bb2 f4 30. Qd7 fxg3 31. Qxd5+ Qf7 32. Qxf7+ Kxf7 33. hxg3) 28. b4 $4 {Blunder. Qd7 was best.} (28. Qd7 f4 29. Qxd5+ Kg7 30. e6 Qg6 31. Re2 Be7 32. Qd7 Re8 33. Bb2+ Kg8) 28... Bd4 $4 {Blunder. Qh5 was best.} (28... Qh5 29. Rd2 Bxf2+ 30. Rxf2 Qd1+ 31. Kg2 (31. Rf1 Qd4+ 32. Rf2 f4 $14) 31... Qxc1 32. Qxb6 Qc4 33. Qe3 f4 34. Qf3) 29. Qd7 Bxf2+ 30. Kxf2 $4 {Blunder. Rxf2 was best.} (30. Rxf2 Qg6 (30... f4 31. Qxd5+ Rf7 32. Bxf4 gxf4 33. e6 Re7 34. Rxf4 Qg6 35. Qd8+ Re8) 31. Qxd5+ Kg7 32. e6) 30... Qxh2+ 31. Ke1 Qxc2 32. Qxd5+ $4 {Blunder. Qe6+ was best. Endgame KQR-KQB} (32. Qe6+ Rf7 33. Bxg5 Qc3+ 34. Ke2 Qb2+ 35. Ke1) 32... Kg7 $19 33. Bxg5 {[#]} Qe4+ $1 34. Qxe4 fxe4 {KR-KB} 35. a4 Rf3 $6 {Inaccuracy. Ra8 was best.} (35... Ra8 36. a5 bxa5 37. bxa5 Rxa5 38. Bf6+ Kg6 39. g4 Ra3 40. g5 Kf5 41. Kd2) 36. Bf4 $6 {Inaccuracy. Bd8 was best.} (36. Bd8 Ra3 37. Bxb6 Rxa4 38. Bd8 Ra8 39. Bc7 Ra7 40. Bd6 Kf7 41. Ke2 Ke6) 36... h5 37. e6 h4 $4 {Blunder. Kf6 was best.} (37... Kf6 38. Bc7 Ra3 (38... Kxe6 39. Bxb6 Rxg3 40. a5 Ra3 41. b5 Kd5 42. Bc7 Kc5 43. b6) 39. Bxb6 Rxa4) 38. Be5+ Kf8 39. gxh4 Ke7 40. Bc7 (40. Bd4 {feels stronger.}) 40... Ra3 $15 41. Bxb6 Rxa4 42. Ke2 Kxe6 43. Bc5 Kf5 44. Ke3 Ra3+ 45. Ke2 Kf4 46. Bd6+ Kg4 47. Be7 Ra7 48. Bc5 Rh7 49. Bf2 $2 {Mistake. Ke3 was best.} (49. Ke3 Kf5 50. Kd4 Kf4 51. Kc4 Rxh4 52. b5 Kf3 53. Kd5 Rh5+ 54. Kc6 Rxc5+) 49... Kf4 $2 {Mistake. Rb7 was best.} (49... Rb7 50. Bc5 Kf5 51. Kd2 Kf4 52. Ke2 Ke5 53. Kf2 Kf5 54. Ke2 Rd7 55. h5) 50. b5 {[%cal Bb4b5,Bb5b6]} Rc7 {(  ...Rc2+)} (50... Rd7 $5 {[%cal Rd7d3]} 51. b6 Rd3) 51. Be3+ Ke5 52. b6 Rc2+ 53. Kf1 (53. Kd1 {is superior.} Ra2 54. h5) 53... Rb2 (53... Kf5 $1 $15 54. Ke1 Kg4) 54. h5 {The position is equal.} Kf5 {aiming for ...Kg4.} 55. h6 {Hoping for h7.} Kg6 56. Ke1 Rb3 57. Kd2 Rd3+ 58. Kc2 Rd7 (58... Rxe3 $2 59. b7 Rh3 60. b8=Q $18) 59. Kc3 Kf5 {Weighted Error Value: White=0.43/Black=0.47. Sensor Board Error (Ke4/e5)? PRECISÃO: BRANCAS 84% PRETAS 86%} 1-0